The papers of Robert H. Goddard: (Record no. 13117)
[ view plain ]
| 000 -LEADER | |
|---|---|
| fixed length control field | 01024nam a2200229 4500 |
| 001 - CONTROL NUMBER | |
| control field | 3593155 |
| 005 - DATE AND TIME OF LATEST TRANSACTION | |
| control field | 19700601000000.0 |
| 008 - FIXED-LENGTH DATA ELEMENTS--GENERAL INFORMATION | |
| fixed length control field | 700518s1970 nyuach | 001 0aeng d |
| 010 ## - LIBRARY OF CONGRESS CONTROL NUMBER | |
| LC control number | 68012660 |
| 040 ## - CATALOGING SOURCE | |
| Original cataloging agency | DLC |
| Transcribing agency | DLC |
| Modifying agency | DLC |
| 050 00 - LIBRARY OF CONGRESS CALL NUMBER | |
| Classification number | TL781.85.G6 |
| Item number | A34 |
| 082 00 - DEWEY DECIMAL CLASSIFICATION NUMBER | |
| Classification number | 629.4/0924 |
| Item number | GOD |
| 100 1# - MAIN ENTRY--PERSONAL NAME | |
| Personal name | Goddard, Robert Hutchings, |
| Dates associated with a name | 1882-1945. |
| 9 (RLIN) | 10285 |
| 245 04 - TITLE STATEMENT | |
| Title | The papers of Robert H. Goddard: |
| Remainder of title | Including the reports to the Smithsonian Institution and the Daniel and Florence Guggenheim Foundation/ |
| Statement of responsibility, etc | Esther C. Goddard, editor. G. Edward Pendray, associate editor |
| 260 ## - PUBLICATION, DISTRIBUTION, ETC. (IMPRINT) | |
| Place of publication, distribution, etc | New York: |
| Name of publisher, distributor, etc | McGraw-Hill, |
| Date of publication, distribution, etc | 1970 |
| 300 ## - PHYSICAL DESCRIPTION | |
| Extent | 559 p.: |
| Other physical details | ill.; |
| Dimensions | 25 cm. |
| 500 ## - GENERAL NOTE | |
| General note | "Sponsored by the Daniel and Florence Guggenheim Foundation." |
| 505 0# - FORMATTED CONTENTS NOTE | |
| Formatted contents note | v. 1. 1898-1924 |
| 600 10 - SUBJECT ADDED ENTRY--PERSONAL NAME | |
| Personal name | Goddard, Robert Hutchings, |
| Dates associated with a name | 1882-1945. |
| 9 (RLIN) | 10286 |
| 942 ## - ADDED ENTRY ELEMENTS (KOHA) | |
| Source of classification or shelving scheme | Dewey Decimal Classification |
| Item type | Book - Borrowing |
| Call number prefix | 629.40924 GOD |
| Withdrawn status | Item status | Source of classification or shelving scheme | Damaged status | Not for loan | Vendor | Home library | Current library | Shelving location | Date acquired | Source of acquisition | Total Checkouts | Full call number | Barcode | Date last seen | Koha item type |
|---|---|---|---|---|---|---|---|---|---|---|---|---|---|---|---|
| Dewey Decimal Classification | Central Library | Central Library | First floor | 13/01/2010 | Donation | 629.40924 GOD | 000019369 | 15/07/2025 | Book - Borrowing |